000 00403nam a2200145Ia 4500
008 231129s2001||||xx |||||||||||||| ||spa||
020 _a958-8064-33-3
040 _bspa
082 _a707 o81q
100 _aOspina Arango Javier H.
245 0 _aQue viva el arte! : serie educacion artistica
260 _c2001
264 _aSusaeta Ediciones
942 _2ddc
_cBKS
999 _c23614
_d23614